[Event "OLNN 1617 Hamburger SK - Königsspringer"]
[Site "?"]
[Date "2017.02.05"]
[Round "5.7"]
[White "Dettmann, Steffen"]
[Black "Schumacher, Norbert"]
[Result "1/2-1/2"]
[WhiteElo "2186"]
[BlackElo "2165"]
[PlyCount "125"]
[EventDate "2017.??.??"]

1. e4 c5 2. d3 g6 3. g3 Bg7 4. Bg2 d6 5. Ne2 Nc6 6. Nbc3 e6 7. O-O Nge7 8. Be3
Nd4 9. Qd2 O-O 10. Nd1 e5 11. Nxd4 cxd4 12. Bh6 Be6 13. Bxg7 Kxg7 14. c4 Qd7
15. f3 h6 16. Nf2 f5 17. b4 Rac8 18. b5 fxe4 19. fxe4 Ng8 20. h3 Nf6 21. Kh2
Rf7 22. Nh1 Rcf8 23. Rf2 Nh7 24. Raf1 b6 25. Rxf7+ Rxf7 26. Rxf7+ Qxf7 27. Qf2
Nf6 28. Bf3 g5 29. g4 h5 30. gxh5 Nxh5 31. Qg2 Qf4+ 32. Ng3 Nf6 33. Be2 Kg6 34.
Qf3 g4 35. hxg4 Nxg4+ 36. Kg1 Qh6 37. Nf5 Qh2+ 38. Kf1 Nf6 39. Qg3+ Qxg3 40.
Nxg3 Kg5 41. Kf2 Ng4+ 42. Bxg4 Bxg4 43. Nf1 Kf4 44. Ng3 Bd7 45. Ne2+ Kg4 46.
Nc1 Kf4 47. Ke2 Kg3 48. a4 Kf4 49. Na2 Kg5 50. Nb4 Kf6 51. Kf2 Ke7 52. Kg3 Kd8
53. Kh4 Kc7 54. Nd5+ Kd8 55. Nb4 Kc7 56. Na6+ Kc8 57. Kg3 Be6 58. Nb4 Kc7 59.
Na2 Kb7 60. Nc1 a5 61. Kh4 Kc7 62. Ne2 Kd7 63. Kg3 1/2-1/2

[Event "OLNN 1617 Hamburger SK - Königsspringer"]
[Site "?"]
[Date "2017.02.05"]
[Round "5.8"]
[White "Jantzen, Hans-Joerg"]
[Black "Lock, Adrian"]
[Result "1-0"]
[WhiteElo "2165"]
[BlackElo "2068"]
[PlyCount "113"]
[EventDate "2017.??.??"]

1. Nf3 d5 2. c4 dxc4 3. Na3 e6 4. Nxc4 c5 5. g3 b5 6. Ne3 Bb7 7. Bg2 Nf6 8. O-O
Nbd7 9. b3 Be7 10. Bb2 O-O 11. d3 a6 12. Qd2 Qb6 13. Rfc1 Rfd8 14. Qe1 Rac8 15.
Rc2 Nd5 16. Ng4 N7f6 17. Nge5 Nd7 18. a3 Nxe5 19. Bxe5 Qa7 20. Qc1 Qa8 21. h3
h6 22. Bb2 Qb8 23. Qe1 Nb6 24. Rac1 Bd5 25. Nd2 Qa8 26. Qf1 Bxg2 27. Qxg2 Qd5
28. Qxd5 exd5 29. Kf1 f5 30. e3 Kf7 31. Ke2 Re8 32. Kf3 Nd7 33. g4 fxg4+ 34.
hxg4 Rc6 35. e4 dxe4+ 36. Nxe4 Re6 37. Kg2 Bf8 38. f3 Kg6 39. Rd1 Rd8 40. f4
Kf7 41. Kf3 Rc6 42. Rdc1 Nb6 43. Ke2 c4 44. bxc4 bxc4 45. dxc4 Re6 46. Be5 g5
47. c5 gxf4 48. cxb6 Rxe5 49. Rc7+ Be7 50. Kf3 Rb5 51. R1c6 Kf8 52. Rxh6 Rd3+
53. Kxf4 Rdb3 54. Rh8+ Kg7 55. Re8 Rxb6 56. Rcxe7+ Kg6 57. Rg8+ 1-0

[Event "OLNN 1617 Lübecker SV - SK Marmstorf"]
[Site "?"]
[Date "2017.02.05"]
[Round "5.1"]
[White "Hebbinghaus, Holger"]
[Black "Kreuzholz, Michael"]
[Result "1/2-1/2"]
[WhiteElo "2251"]
[BlackElo "2354"]
[PlyCount "69"]
[EventDate "2017.??.??"]

1. d4 Nf6 2. Bf4 g6 3. e3 Bg7 4. Nf3 O-O 5. Be2 d6 6. O-O Nfd7 7. h3 e5 8. Bh2
Nc6 9. c4 e4 10. Nfd2 f5 11. Nc3 Nf6 12. Rb1 g5 13. b4 Ne7 14. Qc2 Ng6 15. Rfc1
h5 16. Nd5 g4 17. Nf4 Nxf4 18. Bxf4 Nh7 19. hxg4 hxg4 20. c5 d5 21. g3 Ng5 22.
Bxg5 Qxg5 23. Kg2 Be6 24. Qc3 Kf7 25. Rh1 Qf6 26. Nb3 Rh8 27. Rxh8 Rxh8 28. Rh1
Rxh1 29. Kxh1 c6 30. a4 Bd7 31. Kg1 a6 32. Qc1 Bh6 33. Bf1 Kg6 34. Qd2 Qd8 35.
Qc3 {(=)} 1/2-1/2

[Event "OLNN 1617 Lübecker SV - SK Marmstorf"]
[Site "?"]
[Date "2017.02.05"]
[Round "5.2"]
[White "Kololli, Martin"]
[Black "Hawellek, Jeronimo"]
[Result "1/2-1/2"]
[WhiteElo "2204"]
[BlackElo "2330"]
[PlyCount "85"]
[EventDate "2017.??.??"]

1. f4 g6 2. Nf3 Bg7 3. g3 d5 4. Bg2 Nh6 5. O-O O-O 6. Qe1 c6 7. c3 Nd7 8. d3 b6
9. Na3 a5 10. Nc2 Qc7 11. Nh4 Nc5 12. h3 Bd7 13. Be3 Qd6 14. Nd4 f6 15. Nb3 Na4
16. Qd2 Nf5 17. Nxf5 Bxf5 18. d4 h5 19. Nc1 b5 20. b3 Nb6 21. Nd3 Nd7 22. a4
bxa4 23. Rxa4 Nb6 24. Ra2 a4 25. bxa4 Rxa4 26. Rxa4 Nxa4 27. Rb1 Qa3 28. Qc2
Nxc3 29. Rb3 Qa1+ 30. Kh2 Ne4 31. Qxc6 Qd1 32. Rb2 e6 33. Bxe4 dxe4 34. Nf2 Qe1
35. Kg2 e5 36. dxe5 fxe5 37. fxe5 Kh7 38. g4 hxg4 39. hxg4 Bxg4 40. Nxg4 Qf1+
41. Kg3 Qe1+ 42. Kg2 Qf1+ 43. Kg3 1/2-1/2

[Event "OLNN 1617 Lübecker SV - SK Marmstorf"]
[Site "?"]
[Date "2017.02.05"]
[Round "5.3"]
[White "Mueller, Tobias"]
[Black "Riess, Alexander"]
[Result "0-1"]
[WhiteElo "2128"]
[BlackElo "2173"]
[PlyCount "94"]
[EventDate "2017.??.??"]

1. c4 e5 2. g3 Nf6 3. Bg2 d5 4. cxd5 Nxd5 5. Nc3 Nb6 6. Nf3 Nc6 7. d3 Be7 8.
O-O O-O 9. a3 Re8 10. b4 a5 11. b5 Nd4 12. Bb2 Bf8 13. Nd2 Rb8 14. e3 Ne6 15.
Nb3 a4 16. Na5 Ra8 17. Nc4 Nxc4 18. dxc4 Nc5 19. Qxd8 Rxd8 20. Nd5 Bd6 21. Rad1
Bg4 22. f3 Be6 23. e4 f6 24. f4 Bg4 25. Rd2 Nb3 26. Rc2 c6 27. bxc6 bxc6 28.
Nb4 Bc5+ 29. Kh1 Rd2 30. Rxd2 Nxd2 31. Rc1 Bxb4 32. axb4 a3 33. Ba1 Nb3 34. Re1
Nxa1 35. Rxa1 Rd8 36. b5 cxb5 37. cxb5 a2 38. Bf1 Be6 39. Kg1 Rd2 40. f5 Bf7
41. Rc1 Kf8 42. b6 Rb2 43. Bd3 Rxb6 44. Kf2 Bc4 45. Bxc4 Rb1 46. Bxa2 Rxc1 47.
Bd5 Rc2+ 0-1

[Event "OLNN 1617 Lübecker SV - SK Marmstorf"]
[Site "?"]
[Date "2017.02.05"]
[Round "5.4"]
[White "Schmidt, Harald"]
[Black "Ramme, Christoph"]
[Result "1/2-1/2"]
[WhiteElo "2354"]
[BlackElo "2146"]
[PlyCount "114"]
[EventDate "2017.??.??"]

1. c4 Nf6 2. Nf3 e6 3. g3 d5 4. Bg2 Be7 5. O-O O-O 6. d4 dxc4 7. Qc2 a6 8. Qxc4
b5 9. Qc2 Bb7 10. Rd1 Nbd7 11. Ne5 Bxg2 12. Kxg2 Nxe5 13. dxe5 Nd7 14. Bf4 c5
15. Nd2 Qc7 16. Nf3 Rfd8 17. h4 Nf8 18. h5 Rxd1 19. Rxd1 Rd8 20. Rh1 Qc6 21.
Qc1 Qe4 22. Bg5 Bxg5 23. Qxg5 Rd5 24. h6 Ng6 25. hxg7 Nxe5 26. Qf6 Nxf3 27.
exf3 Qf5 28. Qe7 Kxg7 29. Rh4 Rd4 30. g4 Qc2 31. Qg5+ Qg6 32. Qxc5 Rd5 33. Qc3+
Kg8 34. Qc8+ Kg7 35. Qxa6 Qf6 36. Rh1 Qxb2 37. Qa7 Qd4 38. Qe7 Qe5 39. Qh4 h5
40. Rh3 Rd2 41. gxh5 Kh7 42. a3 Qd4 43. Qg3 Qg7 44. Rh4 Qxg3+ 45. Kxg3 Ra2 46.
Rf4 Kg7 47. h6+ Kxh6 48. Rxf7 Kg6 49. Rb7 Rxa3 50. Rxb5 Ra4 51. Rb8 Kf6 52.
Rf8+ Kg6 53. f4 Ra1 54. Kf3 Re1 55. Ra8 Kf6 56. Ra5 Rb1 57. Rh5 Kg6 {(=)}
1/2-1/2

[Event "OLNN 1617 Lübecker SV - SK Marmstorf"]
[Site "?"]
[Date "2017.02.05"]
[Round "5.5"]
[White "Hohlbein, Michael"]
[Black "Christ, Ralf"]
[Result "0-1"]
[WhiteElo "2087"]
[BlackElo "2270"]
[PlyCount "98"]
[EventDate "2017.??.??"]

1. e4 e5 2. Bc4 Nc6 3. Nc3 Nf6 4. d3 Na5 5. Nge2 Nxc4 6. dxc4 d6 7. Bg5 Be7 8.
Qd3 Be6 9. b3 O-O 10. O-O Nh5 11. Bxe7 Qxe7 12. f4 exf4 13. Nxf4 Nxf4 14. Rxf4
Qg5 15. Raf1 a6 16. Ne2 b5 17. cxb5 axb5 18. Nd4 Qe5 19. Kh1 Rxa2 20. Nc6 Qg5
21. Nd4 Bd7 22. Nf5 Ra1 23. Qc3 Rxf1+ 24. Rxf1 Bxf5 25. exf5 Re8 26. Qc6 Qe7
27. h3 b4 28. Ra1 h6 29. Ra7 Qe1+ 30. Kh2 Re3 31. Qa8+ Kh7 32. Ra1 Qg3+ 33. Kg1
Re1+ 34. Rxe1 Qxe1+ 35. Kh2 Qe5+ 36. Kh1 Qe1+ 37. Kh2 Qe5+ 38. Kh1 Qxf5 39. Qc6
Qc5 40. Qe4+ g6 41. Qf4 Kg7 42. Qe4 Qc3 43. Qg4 c5 44. Qd1 Qe5 45. Qd3 Qd4 46.
Qb5 Qd1+ 47. Kh2 Qxc2 48. Qd7 Qxb3 49. Qxd6 Qc3 0-1

[Event "OLNN 1617 Lübecker SV - SK Marmstorf"]
[Site "?"]
[Date "2017.02.05"]
[Round "5.6"]
[White "Lampe, Dirk"]
[Black "Diekmann, Jens"]
[Result "1-0"]
[WhiteElo "2239"]
[BlackElo "2050"]
[PlyCount "67"]
[EventDate "2017.??.??"]

1. e4 c5 2. Nf3 Nc6 3. d4 cxd4 4. Nxd4 g6 5. c4 Bg7 6. Be3 Nf6 7. Nc3 Ng4 8.
Qxg4 Nxd4 9. Qd1 Ne6 10. Be2 Bxc3+ 11. bxc3 Qc7 12. O-O b6 13. a4 Bb7 14. f3
Bc6 15. Bd3 d6 16. Qd2 Bd7 17. f4 Nc5 18. Bc2 Be6 19. f5 gxf5 20. exf5 Bd7 21.
Bg5 f6 22. Qd4 Rg8 23. Bxf6 O-O-O 24. Bh4 Bc6 25. Rf2 h5 26. Qe3 Rg4 27. Bxe7
Rdg8 28. f6 Bxg2 29. Bf5+ Kb8 30. Bxg4 Be4 31. Rf4 Rxg4+ 32. Rxg4 hxg4 33. Qf4
Bg6 34. Bxd6 1-0

[Event "OLNN 1617 Lübecker SV - SK Marmstorf"]
[Site "?"]
[Date "2017.02.05"]
[Round "5.7"]
[White "Herlan, Klaus-Juergen"]
[Black "Thannheiser, Thomas"]
[Result "0-1"]
[WhiteElo "1972"]
[BlackElo "2228"]
[PlyCount "122"]
[EventDate "2017.??.??"]

1. d4 Nf6 2. Nf3 g6 3. c4 Bg7 4. Nc3 c5 5. dxc5 Qa5 6. Bd2 Qxc5 7. e3 O-O 8.
Be2 b6 9. Rc1 Bb7 10. b4 Qc8 11. O-O Qd8 12. Qb3 d6 13. Rfd1 Nbd7 14. Qb1 Rc8
15. e4 Ba6 16. Nb5 Ra8 17. h3 Bb7 18. Nc3 a6 19. Be3 Rb8 20. e5 dxe5 21. Nxe5
Qe8 22. Nxd7 Nxd7 23. Nd5 e6 24. Nc3 Qc8 25. Ne4 Qc6 26. f3 Rfc8 27. b5 Qc7 28.
Nd6 Rd8 29. bxa6 Bxa6 30. Nb5 Qc8 31. Kh1 Nc5 32. Nd6 Qc7 33. Nb5 Qe5 34. Bxc5
Qxc5 35. Qe4 Qe5 36. Qxe5 Bxe5 37. Bd3 Bf4 38. Rb1 Be5 39. Kg1 Kg7 40. Kf1 Rd7
41. Be4 Rbd8 42. Ke2 f5 43. Rxd7+ Rxd7 44. Bd3 Kf6 45. Rb3 h5 46. Rb1 h4 47.
Rb3 Kg5 48. Kf2 Bb7 49. Na3 Bd4+ 50. Ke2 Bc5 51. Nc2 Rd8 52. Ne1 e5 53. Bb1 Ba6
54. Rc3 Bd4 55. Rc1 Rc8 56. Bd3 Ra8 57. Rc2 Bb7 58. Rd2 Bc3 59. Rc2 Ra3 60. Rc1
Rxa2+ 61. Rc2 Rxc2+ 0-1

[Event "OLNN 1617 Lübecker SV - SK Marmstorf"]
[Site "?"]
[Date "2017.02.05"]
[Round "5.8"]
[White "Krause, Ullrich"]
[Black "Peschke, Matthias"]
[Result "1/2-1/2"]
[WhiteElo "2210"]
[BlackElo "1957"]
[PlyCount "77"]
[EventDate "2017.??.??"]

1. Nf3 Nf6 2. c4 g6 3. g3 Bg7 4. d4 c5 5. Bg2 O-O 6. O-O d6 7. dxc5 dxc5 8. Ne5
Qc7 9. Nd3 Be6 10. Qb3 Nc6 11. Bf4 Qc8 12. Nc3 Bh3 13. Nd5 Bxg2 14. Kxg2 Nxd5
15. cxd5 Nd4 16. Qd1 Qf5 17. f3 Qxd5 18. e4 Qc4 19. Rf2 b6 20. b3 Qe6 21. Rc1
Rfd8 22. Rd2 Rac8 23. Be3 Nf5 24. Bf2 Nd6 25. Nf4 Qd7 26. Qe2 Qe8 27. Rcd1 Bc3
28. Rd3 Bg7 29. e5 Nb7 30. e6 Rxd3 31. Rxd3 Rd8 32. Qe4 Rxd3 33. Qxd3 g5 34.
Qd5 gxf4 35. Qxb7 fxe6 36. Qxa7 Qd8 37. gxf4 Kf7 38. Be3 Qd1 39. Qa6 {(=)}
1/2-1/2

[Event "OLNN 1617 SF Schwerin - SK Marmstorf"]
[Site "?"]
[Date "2017.02.19"]
[Round "6.2"]
[White "Kesten, Sebastian"]
[Black "Hawellek, Jeronimo"]
[Result "1/2-1/2"]
[WhiteElo "2275"]
[BlackElo "2330"]
[PlyCount "36"]
[EventDate "2017.??.??"]

1. c4 f5 2. g3 Nf6 3. Bg2 e6 4. Nf3 d5 5. O-O Bd6 6. d3 O-O 7. Nc3 dxc4 8. dxc4
Nc6 9. a3 e5 10. Qb3 Kh8 11. Rd1 Qe7 12. Bg5 Qf7 13. Bxf6 Qxf6 14. e3 Qh6 15.
Nb5 f4 16. Nxd6 cxd6 17. exf4 exf4 18. Rd5 Be6 {(=)} 1/2-1/2

[Event "OLNN 1617 SF Schwerin - SK Marmstorf"]
[Site "?"]
[Date "2017.02.19"]
[Round "6.3"]
[White "Ramme, Christoph"]
[Black "de Jong, Migchiel"]
[Result "0-1"]
[WhiteElo "2146"]
[BlackElo "2327"]
[PlyCount "82"]
[EventDate "2017.??.??"]

1. d4 e6 2. c4 Bb4+ 3. Bd2 a5 4. e4 d5 5. a3 Bxd2+ 6. Nxd2 Nc6 7. Ngf3 Nge7 8.
cxd5 exd5 9. e5 O-O 10. Bb5 Bg4 11. Qa4 f6 12. O-O fxe5 13. Nxe5 Nxe5 14. dxe5
Bf5 15. Qd4 c6 16. Be2 a4 17. g4 Be6 18. f4 g6 19. Rf2 Qc8 20. Rg2 c5 21. Qc3
d4 22. Qg3 Kh8 23. Nc4 Bxc4 24. Bxc4 Qd7 25. e6 Qd6 26. Rf1 Rf6 27. Rgf2 Raf8
28. h4 b5 29. Bxb5 Rxe6 30. Rf3 Nd5 31. Bc4 Ref6 32. Bxd5 Qxd5 33. f5 gxf5 34.
Rxf5 Rxf5 35. Rxf5 Qxf5 36. gxf5 Rg8 37. Qxg8+ Kxg8 38. Kf2 c4 39. Kf3 Kf7 40.
Ke4 d3 41. Ke3 Kf6 0-1

[Event "OLNN 1617 SF Schwerin - SK Marmstorf"]
[Site "?"]
[Date "2017.02.19"]
[Round "6.4"]
[White "Schulz, Karsten"]
[Black "Hohlbein, Michael"]
[Result "0-1"]
[WhiteElo "2275"]
[BlackElo "2087"]
[PlyCount "40"]
[EventDate "2017.??.??"]

1. d4 d5 2. Bf4 c5 3. e4 Nc6 4. Nc3 cxd4 5. exd5 dxc3 6. dxc6 Qa5 7. b4 Qxb4 8.
Bc7 Be6 9. Rb1 Qe4+ 10. Be2 bxc6 11. Nf3 Bc4 12. Kf1 Nf6 13. g3 Nd5 14. Bd3
Nxc7 15. Kg2 Bxd3 16. cxd3 Qd5 17. Rb7 Nb5 18. Re1 Nd4 19. Re3 e6 20. Re4 c2
0-1

[Event "OLNN 1617 SF Schwerin - SK Marmstorf"]
[Site "?"]
[Date "2017.02.19"]
[Round "6.5"]
[White "Diekmann, Jens"]
[Black "Wolf, Christoph"]
[Result "1/2-1/2"]
[WhiteElo "2050"]
[BlackElo "2173"]
[PlyCount "95"]
[EventDate "2017.??.??"]

1. c4 c5 2. Nc3 Nc6 3. g3 g6 4. Bg2 Bg7 5. e4 e6 6. Nge2 Nge7 7. O-O O-O 8. d3
d6 9. Be3 Nd4 10. Qd2 Re8 11. Rae1 a6 12. f4 Rb8 13. g4 f5 14. gxf5 gxf5 15.
Bf2 Qa5 16. Qd1 b5 17. cxb5 axb5 18. Nxd4 cxd4 19. Qh5 Bd7 20. Ne2 Qxa2 21.
Bxd4 Bxd4+ 22. Nxd4 Qxb2 23. Qg5+ Ng6 24. Nxf5 exf5 25. exf5 Qd4+ 26. Kh1 Rxe1
27. Rxe1 Re8 28. Rxe8+ Bxe8 29. Be4 Qf2 30. fxg6 Qf1+ 31. Qg1 Qxg1+ 32. Kxg1
Bxg6 33. f5 Bh5 34. Kf2 Kf7 35. Ke3 Kf6 36. Kd4 Bg4 37. Bc6 b4 38. Kc4 Bxf5 39.
d4 Kg5 40. Kxb4 Kf4 41. Kc4 Be4 42. Bd7 h5 43. Be6 h4 44. Bf7 Kf3 45. Be6 Kg2
46. d5 Kxh2 47. Kb5 Kg3 48. Kc6 1/2-1/2

[Event "OLNN 1617 SF Schwerin - SK Marmstorf"]
[Site "?"]
[Date "2017.02.19"]
[Round "6.7"]
[White "Peschke, Matthias"]
[Black "Heinsohn, Wilfried"]
[Result "0-1"]
[WhiteElo "1957"]
[BlackElo "2163"]
[PlyCount "52"]
[EventDate "2017.??.??"]

1. c4 Nf6 2. g3 g6 3. Bg2 Bg7 4. e4 d6 5. Ne2 O-O 6. O-O c5 7. Nbc3 Nc6 8. h3
Bd7 9. d3 a6 10. f4 Rb8 11. g4 h5 12. g5 Ne8 13. f5 Ne5 14. Nd5 e6 15. f6 exd5
16. fxg7 Nxg7 17. cxd5 b5 18. Kh2 b4 19. d4 cxd4 20. Nxd4 Rc8 21. b3 Rc3 22.
Bb2 Rd3 23. Qc1 Qb6 24. Nf3 Rc8 25. Qf4 Rc2 26. Nxe5 Rxh3# 0-1

[Event "OLNN 1617 SF Schwerin - SK Marmstorf"]
[Site "?"]
[Date "2017.02.19"]
[Round "6.8"]
[White "Rittemann, Steffen"]
[Black "Undritz, Bjoern"]
[Result "1-0"]
[WhiteElo "2149"]
[BlackElo "1920"]
[PlyCount "57"]
[EventDate "2017.??.??"]

1. e4 Nf6 2. e5 Nd5 3. d4 d6 4. Nf3 Bg4 5. Be2 Nc6 6. O-O g6 7. b3 Bg7 8. c4
Nb6 9. exd6 cxd6 10. Bb2 O-O 11. h3 Bxf3 12. Bxf3 Rc8 13. Re1 Re8 14. Na3 a6
15. Nc2 Qc7 16. Qd2 e6 17. Ne3 Rcd8 18. Rac1 e5 19. Nd5 Nxc4 20. bxc4 Qb8 21.
Qg5 Nxd4 22. Bxd4 exd4 23. Nf6+ Bxf6 24. Qxf6 d3 25. Rxe8+ Rxe8 26. Bd5 Qc7 27.
Rd1 b5 28. cxb5 Re5 29. b6 1-0

[Event "OLNN 1617 Königsspringer - Lübecker SV"]
[Site "?"]
[Date "2017.02.19"]
[Round "6.1"]
[White "Kreuzholz, Michael"]
[Black "Pfreundt, Jakob"]
[Result "1-0"]
[WhiteElo "2354"]
[BlackElo "2376"]
[PlyCount "95"]
[EventDate "2017.??.??"]

1. e4 e5 2. Nf3 Nc6 3. d4 exd4 4. Nxd4 Nf6 5. Nxc6 bxc6 6. e5 Qe7 7. Qe2 Nd5 8.
c4 Nb6 9. Nc3 Qe6 10. Qe4 g6 11. Bd2 Bg7 12. c5 Nd5 13. Bc4 Qxe5 14. Qxe5+ Bxe5
15. O-O-O O-O 16. Bxd5 cxd5 17. Nxd5 Bb7 18. Ba5 Rfe8 19. Rhe1 Rac8 20. g3 g5
21. Nxc7 Bxc7 22. Rxe8+ Rxe8 23. Bxc7 Bc6 24. f4 f6 25. Kd2 Re4 26. Kd3 Kf7 27.
fxg5 fxg5 28. Rf1+ Kg6 29. Rf8 Ra4 30. a3 Kg7 31. Rf2 Kg6 32. Be5 Be4+ 33. Kc3
Ra6 34. Bd6 Bf5 35. Kb4 h5 36. h4 Rc6 37. Re2 Rc8 38. Re7 gxh4 39. gxh4 Kf6 40.
Re3 Rg8 41. Ka5 Rg4 42. Be7+ Kf7 43. Bg5 Be4 44. Ka6 Ke6 45. Kxa7 Kd5 46. Kb6
Kd4 47. Rc3 Rg2 48. Be3+ 1-0

[Event "OLNN 1617 Königsspringer - Lübecker SV"]
[Site "?"]
[Date "2017.02.19"]
[Round "6.2"]
[White "Zimmermann, Julian"]
[Black "Kololli, Martin"]
[Result "1-0"]
[WhiteElo "2278"]
[BlackElo "2237"]
[PlyCount "51"]
[EventDate "2017.??.??"]

1. e4 e5 2. Nf3 Nf6 3. Nxe5 d6 4. Nf3 Nxe4 5. d4 d5 6. Bd3 Nf6 7. O-O Be7 8.
Ne5 O-O 9. Nd2 Nbd7 10. Ndf3 Ne4 11. c4 Ndf6 12. c5 c6 13. b4 a6 14. Qc2 h6 15.
a4 Bf5 16. Rb1 Ne8 17. b5 axb5 18. axb5 cxb5 19. Rxb5 f6 20. Nc4 Bd7 21. Rxb7
Ba4 22. Qe2 Bxc5 23. Bxe4 Bc6 24. Rb2 Ba7 25. Bb1 dxc4 26. Qe6+ 1-0

[Event "OLNN 1617 Königsspringer - Lübecker SV"]
[Site "?"]
[Date "2017.02.19"]
[Round "6.3"]
[White "Riess, Alexander"]
[Black "Borgmeyer, Max"]
[Result "1/2-1/2"]
[WhiteElo "2173"]
[BlackElo "2202"]
[PlyCount "42"]
[EventDate "2017.??.??"]

1. d4 Nf6 2. c4 e6 3. Nc3 Bb4 4. Qc2 d5 5. cxd5 exd5 6. Bg5 h6 7. Bh4 c5 8.
dxc5 g5 9. Bg3 Ne4 10. e3 Nc6 11. Bd3 Bxc3+ 12. bxc3 Nxc5 13. Ne2 Be6 14. O-O
h5 15. Bb5 O-O 16. c4 Nb4 17. Qc3 a5 18. f3 dxc4 19. Bxc4 Na4 20. Qb3 Nc5 21.
Qc3 Na4 1/2-1/2

[Event "OLNN 1617 Königsspringer - Lübecker SV"]
[Site "?"]
[Date "2017.02.19"]
[Round "6.4"]
[White "Wagner, Friedrich"]
[Black "Schmidt, Harald"]
[Result "1/2-1/2"]
[WhiteElo "2224"]
[BlackElo "2354"]
[PlyCount "99"]
[EventDate "2017.??.??"]

1. c4 Nf6 2. g3 g6 3. Bg2 Bg7 4. Nc3 O-O 5. e4 d6 6. Nge2 c5 7. O-O Nc6 8. d3
Rb8 9. h3 a6 10. f4 Nd7 11. a4 Nd4 12. Be3 e6 13. Rb1 f5 14. b4 b6 15. Qd2 Bb7
16. bxc5 Nxe2+ 17. Nxe2 Nxc5 18. Bxc5 dxc5 19. e5 Bxg2 20. Kxg2 Qd7 21. Qc2
Rfd8 22. Rfd1 g5 23. Kh2 gxf4 24. gxf4 Kh8 25. d4 Qc6 26. dxc5 Qxc5 27. Rxd8+
Rxd8 28. Rd1 Qf2+ 29. Kh1 Rc8 30. Qd3 Bh6 31. Rg1 Bxf4 32. Nxf4 Qxf4 33. Qd7
Qe4+ 34. Kh2 Qxe5+ 35. Kh1 Rf8 36. Qe7 Qf6 37. Qc7 e5 38. Rd1 f4 39. Rd6 Qf5
40. Rd8 Qxh3+ 41. Kg1 Qg4+ 42. Kf1 Qf3+ 43. Kg1 Qe3+ 44. Kf1 Kg8 45. Rxf8+ Kxf8
46. Qd6+ Kf7 47. Qd7+ Kg6 48. Qe8+ Kf6 49. Qd8+ Kf5 50. Qd7+ 1/2-1/2

[Event "OLNN 1617 Königsspringer - Lübecker SV"]
[Site "?"]
[Date "2017.02.19"]
[Round "6.5"]
[White "Christ, Ralf"]
[Black "Lampe, Joerg"]
[Result "1/2-1/2"]
[WhiteElo "2270"]
[BlackElo "2131"]
[PlyCount "125"]
[EventDate "2017.??.??"]

1. d4 d5 2. Nf3 e6 3. c4 c5 4. cxd5 exd5 5. g3 Nc6 6. Bg2 Nf6 7. O-O Be7 8.
dxc5 Bxc5 9. Bg5 O-O 10. Nc3 d4 11. Ne4 Be7 12. Bxf6 Bxf6 13. Qd2 Bf5 14. Nxf6+
Qxf6 15. Qf4 Rfe8 16. Nh4 Be4 17. Qxf6 gxf6 18. Nf3 Bd5 19. Rfe1 Bc4 20. Bf1
Rad8 21. a3 Bd5 22. Nd2 Re7 23. Rac1 Ne5 24. Red1 Bc6 25. Re1 Rde8 26. Red1 Rd8
27. h3 Kg7 28. f4 Ng6 29. Kf2 h5 30. h4 Re3 31. Nc4 Rb3 32. Rd3 Rxd3 33. exd3
Ne7 34. Re1 Nf5 35. Bh3 Kg6 36. Bxf5+ Kxf5 37. Re7 Bd5 38. Rc7 a6 39. Rc5 Kg4
40. Nd2 Bc6 41. Nf1 Rd7 42. b3 Bd5 43. Nd2 Bc6 44. b4 Re7 45. Nf1 Bb5 46. Nh2+
Kh3 47. Nf3 Re3 48. Nxd4 Rxd3 49. Nxb5 axb5 50. Rxh5 Rxg3 51. Rxb5 Rxa3 52.
Rxb7 Kg4 53. Rxf7 Rf3+ 54. Ke2 Rxf4 55. b5 Rb4 56. Rb7 Kxh4 57. Kd3 f5 58. Kc3
Rb1 59. Kc4 f4 60. b6 f3 61. Kc5 f2 62. Rf7 f1=Q 63. Rxf1 1/2-1/2

[Event "OLNN 1617 Königsspringer - Lübecker SV"]
[Site "?"]
[Date "2017.02.19"]
[Round "6.6"]
[White "Dettmann, Steffen"]
[Black "Lampe, Dirk"]
[Result "1-0"]
[WhiteElo "2186"]
[BlackElo "2239"]
[PlyCount "81"]
[EventDate "2017.??.??"]

1. e4 c5 2. Nf3 Nc6 3. d3 g6 4. Be2 Bg7 5. O-O d6 6. c3 Nf6 7. h3 O-O 8. Be3 e5
9. a3 Re8 10. b4 c4 11. dxc4 Nxe4 12. Qc2 f5 13. Rd1 Qe7 14. c5 dxc5 15. Nbd2
Nxd2 16. Rxd2 cxb4 17. axb4 e4 18. Bc4+ Kh8 19. Bc5 Qf6 20. Rd6 Qxc3 21. Ng5
Qxa1+ 22. Rd1 Qxd1+ 23. Qxd1 h6 24. Nf7+ Kh7 25. b5 Ne5 26. Nxe5 Rxe5 27. Qd6
Rxc5 28. Qxc5 f4 29. Qc7 Bf5 30. Qxf4 Rc8 31. Bd5 Rc5 32. Qd6 b6 33. g4 Bc8 34.
Bxe4 Kg8 35. Bxg6 Be5 36. Qd8+ Kg7 37. Be4 Kf7 38. Bc6 Be6 39. Qe8+ Kf6 40.
Qf8+ Kg5 41. Qe7+ 1-0

[Event "OLNN 1617 Königsspringer - Lübecker SV"]
[Site "?"]
[Date "2017.02.19"]
[Round "6.7"]
[White "Thannheiser, Thomas"]
[Black "Hort, Max"]
[Result "1/2-1/2"]
[WhiteElo "2228"]
[BlackElo "1903"]
[PlyCount "54"]
[EventDate "2017.??.??"]

1. c4 Nf6 2. Nf3 e6 3. g3 d5 4. Bg2 Nbd7 5. O-O c6 6. b3 Bd6 7. Bb2 O-O 8. d3
Re8 9. Nbd2 e5 10. cxd5 cxd5 11. Ne1 b5 12. Nc2 Qb6 13. a3 Bb7 14. d4 e4 15. b4
Nf8 16. Nb3 Ng6 17. Ne3 Bc8 18. Qd2 h5 19. f4 exf3 20. Bxf3 Be6 21. Nc5 Qb8 22.
Nxe6 fxe6 23. Qd3 Nf8 24. Rf2 a5 25. bxa5 Rxa5 26. Nc2 Rc8 27. Bg2 b4 1/2-1/2

[Event "OLNN 1617 Königsspringer - Lübecker SV"]
[Site "?"]
[Date "2017.02.19"]
[Round "6.8"]
[White "Moehrmann, Marcus"]
[Black "Frohberg, Marco"]
[Result "0-1"]
[WhiteElo "2066"]
[BlackElo "2199"]
[PlyCount "126"]
[EventDate "2017.??.??"]

1. e4 c6 2. d4 d5 3. Nc3 dxe4 4. Nxe4 Nf6 5. Nxf6+ gxf6 6. Bc4 Bf5 7. Ne2 e6 8.
Ng3 Bg6 9. Be3 Nd7 10. Qe2 h5 11. h4 Nb6 12. Bb3 Nd5 13. Bd2 Qc7 14. O-O-O
O-O-O 15. Qf3 Bh6 16. Ne4 Bxe4 17. Qxe4 f5 18. Qf3 Bxd2+ 19. Rxd2 Nf6 20. c3
Rhg8 21. Re2 Rg4 22. g3 Rdg8 23. Rhe1 Ne4 24. Bc2 Nd6 25. Re5 a6 26. Rc5 Kb8
27. a4 f4 28. gxf4 Rxh4 29. Rxh5 Qe7 30. f5 Rxh5 31. Qxh5 Qf6 32. Qh2 exf5 33.
Bxf5 Ka7 34. Bc2 Nc4 35. f4 Rg4 36. b3 Nb6 37. f5 Nd5 38. Qd2 Qd6 39. Kb2 Rg3
40. c4 Nf4 41. c5 Qe7 42. Be4 f6 43. Rf1 Qf7 44. Qb4 Ne2 45. Bf3 Ng1 46. Bd1
Qd5 47. Re1 Rg8 48. Bc2 Nf3 49. Kc3 Qd8 50. Re3 Ng5 51. Bd3 a5 52. Qc4 Qc7 53.
b4 Qf4 54. Re7 Ka8 55. bxa5 Nf3 56. Re2 Rd8 57. a6 Qc1+ 58. Bc2 Qa1+ 59. Kb3
Nxd4+ 60. Kb4 Qb2+ 61. Ka5 b6+ 62. cxb6 Rd5+ 63. Qb5 Qc3# 0-1

[Event "OLNN 1617 Schachfreunde HH - Hamburger"]
[Site "?"]
[Date "2017.02.19"]
[Round "6.1"]
[White "Uksini, Bardhyl"]
[Black "Sawatzki, Frank"]
[Result "0-1"]
[WhiteElo "2329"]
[BlackElo "2344"]
[PlyCount "80"]
[EventDate "2017.??.??"]

1. d4 d5 2. Nf3 Nf6 3. c4 c6 4. Nc3 dxc4 5. a4 Bf5 6. e3 e6 7. Bxc4 Bb4 8. O-O
Nbd7 9. Qe2 Bg6 10. e4 O-O 11. Bd3 Bh5 12. e5 Nd5 13. Nxd5 cxd5 14. Qe3 Re8 15.
Ng5 Bg6 16. f4 Bxd3 17. Qxd3 f5 18. Qb5 a5 19. Qxb7 h6 20. Nf3 Nb6 21. b3 Rb8
22. Qa6 Nc4 23. bxc4 Rb6 24. Qb5 Rxb5 25. cxb5 Qb6 26. Bb2 Rc8 27. Rfc1 Rc4 28.
Rxc4 dxc4 29. Rc1 Qc7 30. Bc3 Qe7 31. Ba1 Qb7 32. Rxc4 Qe4 33. Kf2 Qb1 34. Kg3
Be1+ 35. Kh3 g5 36. Rc8+ Kh7 37. fxg5 Qe4 38. g6+ Kg7 39. g3 Qxf3 40. b6 Qf1+
0-1

[Event "OLNN 1617 Schachfreunde HH - Hamburger"]
[Site "?"]
[Date "2017.02.19"]
[Round "6.2"]
[White "Bokelbrink, Uwe"]
[Black "Bente, Bjoern"]
[Result "1/2-1/2"]
[WhiteElo "2312"]
[BlackElo "2277"]
[PlyCount "105"]
[EventDate "2017.??.??"]

1. e4 g6 2. Nc3 Bg7 3. g3 d6 4. Bg2 c5 5. d3 Nc6 6. Nh3 Rb8 7. O-O b5 8. a3 a5
9. f4 Nd4 10. Nd5 Bd7 11. c3 Nc6 12. f5 Nf6 13. Nxf6+ Bxf6 14. Bh6 b4 15. axb4
axb4 16. Rc1 bxc3 17. bxc3 Qa5 18. Qd2 Rb3 19. Ra1 Qxc3 20. Ra8+ Nb8 21. Qa2
Qb4 22. Nf4 Bc6 23. Qa6 Kd7 24. Ra7+ Bb7 25. Qa2 Kc8 26. e5 Bxg2 27. Qxg2 Rb2
28. Qf3 Qd2 29. Ng2 Qxh6 30. exf6 exf6 31. Qd5 Qd2 32. Ra8 Kc7 33. Re1 Rd8 34.
Ra7+ Kc8 35. Rxf7 Rd7 36. Rxf6 Qf2+ 37. Kh1 Re2 38. Rb1 Rb2 39. Ra1 Kc7 40. Rf7
Rxf7 41. Qxf7+ Nd7 42. Qd5 Kc8 43. fxg6 hxg6 44. Rg1 Kc7 45. Ra1 Kd8 46. Qa8+
Ke7 47. Qe4+ Ne5 48. Qh4+ Ke6 49. Qh3+ Kf6 50. Qh8+ Kf5 51. Qc8+ Kf6 52. Qh8+
Kf5 53. Qc8+ 1/2-1/2